| 000 | 00624nam a2200169Ia 4500 | ||
|---|---|---|---|
| 008 | 130821s1965 xxu gr deng | ||
| 040 |
_aCo-BoUCM _bspa |
||
| 041 | 0 | 0 | _aeng |
| 100 | 1 | _aFreidel, Frank Burt | |
| 245 | 1 | 0 |
_aOur country's Presidents _cFrank Burt Freidel ; introducción de Lyndon B. Johnson |
| 260 |
_aWashington _bNational Geographic Society _c[1965] |
||
| 300 | _a248 páginas | ||
| 650 | 0 | 4 |
_aPresidentes _zEstados Unidos _vBiografías _922229 |
| 710 | 2 |
_aNational Geographic Society. _bSpecial Publications Division |
|
| 942 |
_cLIBRO _a19 _e1 _mF73 _2DEWEY _h923.173 |
||
| 999 |
_c62052 _d62052 |
||